000 00266nam a2200097 a 4500
005 20200930075909.0
008 120126s1951 000 spa d
245 0 _aFilosofia de un regimen.
260 _aCiudad Trujillo, República Dominicana,
_c1951.
999 _c36212
_d36212
040 _aDO-SdBNP